000 00305nam a22001217a 4500
020 _a9812531165
082 _222
_a627
100 _aMays, Larry W.
245 _aWater resoucres engineering /
260 _aNew Delhi,
_bWiley India,
_cc2004.
300 _axv, 761 p. ;
_bill. ;
_c27 cm.
942 _2ddc
_cCIVIL
_01
999 _c410
_d410